=LDR 00000nam 2200000 4500 =001 000882 =005 20250712114447 =035 ##$$a 0010-0725000760 =007 ta =008 250712################a##########0#ind## =020 ##$$a 978-623-472-004-4 =082 ##$$a 398.209 598 =084 ##$$a 398.209 598 GUP k =100 #$$a Gupta, Arvind =245 1#$$a Kotak Korek Api yang Besar /$c Arvind Gupta =250 ##$$a cetakan pertama =260 ##$$a jakarta :$b badan pengembangan dan pembinaan bahasa,$c 2022 =300 ##$$a 20 hlm. : $b ilus. ; $c 22,9 cm$e 398.209 598 =650 #4$$a Cerita Anak Indonesia =856 ##$$a TBM As Suhada =990 ##$$a TBM202400738